01103nam a2200265Ia 4500003000400000005001700004008004100021020001800062040001800080041000800098082002200106100003300128245019000161250001200351260004400363300002300407650003000430650003600460650005300496700003500549700003400584942003100618999001900649952016900668OSt20250926154015.0210716s2017 xx 000 0 und d a9781788295260 cAIMIT LIBRARY aeng a005.768 21bYUAL aYu, Allen Chi Shing.9240675 aMatplotlib 2.x by example: multi-dimensional charts graphs and plots :bmulti-dimensional charts graphs and plots /cBy Allen Chi Shing Yu, Claire Yik Lok Chung and Aldrin Kay Yuen Yim. a1st ed. aMumbai :bPackt Publishing Ltd ,c2017. a314p. ;bPBc24 cm aFigure aesthetics9240676 aVisualizing online data9240677 aAdding interactivity and animating plots9240678 aChung, Claire Yik Lok.9240679 aYim, Aldrin Kay Yuen.9240680 2ddccBKe1stk005.768 YUAL c196694d196694 00102ddc40708MCAaAIMITbAIMITeKnowledge Worldg999.00iBill no:602; Bill dt:2019-01-24l0o005.768 YUALpMCA16209r2026-05-23 00:00:00v749.25w2021-07-16yBK